| 000 | 00681nam a22001697a 4500 | ||
|---|---|---|---|
| 003 | OSt | ||
| 005 | 20240619105117.0 | ||
| 008 | 240619b ||||| |||| 00| 0 eng d | ||
| 040 | _cAIMIT LIBRARY | ||
| 100 |
_aGonsalves, Clemandra Niyara. _e2116045 _9171187 |
||
| 245 |
_aInnovative work behaviour : antecednts and its impact on employee agility -a study with special reference to KIOCL limited Mangalore / _cBy Clemandra Niyara Gonsalves ; Guided by Justine James. |
||
| 260 |
_aMangalore _c2023 |
||
| 650 |
_aStatistical tools and techniques for analysis _9171188 |
||
| 700 |
_aJames, Justine _eGuide _9171189 |
||
| 856 |
_3KIOCL Limited _ywww.kiocllimted.in |
||
| 942 |
_2ddc _cPRO |
||
| 999 |
_c231228 _d231228 |
||